Statistics for JR東日本 駅利用者数ランキングTOP100

Click here to take the quiz!

General Stats

  • This quiz has been taken 499 times
  • The average score is 77 of 100

Answer Stats

順位駅名利用者数 (日)% Correct
1新宿522,178
100%
4東京282,638
100%
5渋谷248,505
99%
2池袋407,490
98%
14上野122,085
97%
3横浜303,759
97%
6品川212,502
97%
7大宮203,160
96%
29千葉86,911
95%
11秋葉原161,529
95%
33日暮里82,115
94%
52八王子65,571
93%
10川崎162,712
93%
41目黒74,660
92%
43神田71,824
92%
9新橋167,406
92%
80代々木45,933
91%
40西日暮里76,556
90%
25浜松町96,933
90%
38浦和77,670
90%
21有楽町102,785
90%
12高田馬場150,734
90%
36赤羽78,321
89%
24田町98,213
89%
23恵比寿99,136
89%
20大崎103,733
89%
16船橋109,860
89%
13立川130,820
89%
17中野108,524
88%
15西船橋110,680
88%
66御徒町49,721
88%
44御茶ノ水71,248
87%
26五反田93,684
86%
78原宿46,455
86%
42三鷹73,648
86%
39大船77,670
86%
100新大久保35,722
85%
8北千住168,566
85%
27武蔵小杉91,146
85%
58巣鴨56,737
84%
98駒込37,059
83%
22100,705
83%
83大塚44,393
82%
18吉祥寺107,875
82%
19蒲田104,338
82%
37松戸78,216
81%
31国分寺86,199
81%
46荻窪70,366
81%
35錦糸町78,597
81%
81新横浜44,741
80%
77舞浜46,815
79%
74水道橋47,336
79%
51川口66,919
78%
47大井町70,324
78%
50仙台67,626
78%
45四ツ谷70,948
78%
87武蔵浦和43,359
77%
59桜木町56,214
77%
60飯田橋55,335
77%
32戸塚85,198
77%
56鶴見61,833
76%
86さいたま新都心43,683
76%
28藤沢87,586
76%
75南浦和47,285
76%
93高円寺40,048
74%
69市川48,622
74%
63新木場51,956
74%
65武蔵小金井49,734
73%
84茅ヶ崎44,264
73%
48大森68,751
72%
85海浜幕張43,896
71%
34津田沼79,799
70%
68津田沼49,039
70%
91市ヶ谷41,847
68%
72平塚48,330
68%
90国立42,070
68%
55新小岩62,003
68%
62橋本52,078
67%
30町田86,227
67%
99西荻窪36,000
63%
64武蔵境51,755
61%
61小岩52,467
60%
67王子49,238
60%
95関内39,940
59%
76西川口47,138
58%
7148,441
58%
94浅草橋40,001
58%
53登戸64,908
57%
82亀戸44,671
55%
96稲毛39,761
55%
79東戸塚45,942
54%
88北浦和42,547
53%
70本八幡48,461
52%
89新浦安42,520
52%
73辻堂48,284
52%
49武蔵溝ノ口68,305
52%
97菊名39,155
50%
54南越谷63,141
44%
57北朝霞58,234
43%
92金町41,352
42%

Score Distribution

Percentile by Number Answered

Percent of People with Each Score

Your Score History

You have not taken this quiz